000
00298nam a22001337a 4500
008
170525b xxu||||| |||| 00| 0 eng d
020
_a
0830698337
041
_a
eng
080
_2
1ST
_a
621.3
100
_a
26
101
_a
IM
245
_a
MAKING&USING ELECTRICITY FROM THE SUN
942
_2
udc
_c
BK
999
_c
14298
_d
14298